LEADER 01255nam a2200265 i 4500 001 000000166874 003 CaOOAMICUS 005 20250507115517.0 008 071120s1943 it u000 u ita u 040 $aSeMil$bita 100 1 $aVannicelli, Primo Luigi,$c.$0(OLS)http://semarc/name/62794 245 13$aLa famiglia cinese :$bstudio etnologico /$cLuigi Vannicelli. 264 1$aMilano :$bVita e Pensiero,$c1943. 300 $aIX, 479 p., [8] c. di tav. :$bill. ;$c25 cm. 490 1 $aPubblicazioni della Università Cattolica del Sacro Cuore. Ser. 5., Scienze storiche ;$v21 650 4$aEtnologia.$0(OLS)http://semarc/subject/1377 650 4$aFamiglia - Cina.$0(OLS)http://semarc/subject/31799 650 4$aCina - Usi e costumi.$0(OLS)http://semarc/subject/31800 830 0$aPubblicazioni della Università Cattolica del Sacro Cuore. Ser. 5., Scienze storiche ;$v21.$0(OLS)http://semarc/title/14233 850 $aSeMil 852 $aSeMil$W1$xVenegono$y1$m3T IV 222$j256611$B118034$CSeMilBibl$Z2$F129468 $81 961 $aRecupero: Altro 996 $6245$aLa famiglia cinese :$bstudio etnologico$9(OLS)http://semarc/title/238572 996 $6264$aMilano :$bVita e Pensiero$9(OLS)http://semarc/publisher/29642 LEADER 01090nam a2200217 i 4500 001 000000178853 003 CaOOAMICUS 005 20090415000000.0 008 090415s1971 it u000 u ita u 013 $a156428 040 $aSeMil$bita 100 1 $aBesutti, Giuseppe Maria,$c.$0(OLS)http://semarc/name/13817 245 10$aRepertori e sussidi generali. Edizioni del secolo 15. (1476-1500) /$cGiuseppe M. Besutti. Memoria di fra Paolo Attavanti / Aristide M. Serra. 300 $a266 p. :$bill. 490 0 $aBibliotheca Servorum Romandiolae ;$v4 700 1 $aSerra, Aristide M.,$c.$0(OLS)http://semarc/name/6934 773 0 $tBibliografia dell'Ordine dei Servi.$dBologna : Centro di Studi O.S.M., 1971.$kBibliotheca Servorum Romandiolae$g1$w()21077 830 0$aBibliotheca Servorum Romandiolae ;$v4.$0(OLS)http://semarc/title/27841 850 $aSeMil 852 $aSeMil$W1$xVenegono$y1$m3A IV 133$j129623$B129623$CSeMilBibl$Z2$F141110 $81 996 $6245$aRepertori e sussidi generali. Edizioni del secolo 15. (1476-1500)$9(OLS)http://semarc/title/256887